|
|
|
|
| LEADER |
01023nam a22002657a 4500 |
| 001 |
43610 |
| 003 |
BD-DhAAL |
| 005 |
20241027142000.0 |
| 008 |
241027t2014 bg ||||| |||| 00| j ben d |
| 020 |
|
|
|a 9849690026
|
| 040 |
|
|
|a BD-DhAAL
|d BD-DhAAL
|
| 041 |
|
|
|a ben
|
| 082 |
|
|
|a 891.443
|
| 100 |
|
|
|a শাহেদ, হোসনে আরা.
|9 16021
|
| 245 |
|
|
|a নারীর উক্তি /
|c শাহেদ, হোসনে আরা.
|
| 246 |
|
|
|a Unheard voices
|
| 260 |
|
|
|a ঢাকা :
|b রহমান জাগরী প্রকাশন,
|c ২০১৪.
|
| 300 |
|
|
|a ৭৮ পৃষ্ঠা ;
|c ২২ সে.মি.
|
| 541 |
|
|
|a Savar campus library
|e 43610
|
| 650 |
|
|
|a Short stories, Bengali.
|
| 650 |
|
|
|a Bengali fiction.
|
| 650 |
|
|
|a Bengali literature.
|
| 942 |
|
|
|2 ddc
|c BK
|
| 999 |
|
|
|c 47060
|d 47060
|
| 952 |
|
|
|0 0
|1 0
|2 ddc
|4 0
|6 891_443000000000000_SHA
|7 0
|9 76819
|a SCL
|b SCL
|c GEN
|d 2024-10-27
|e Savar Campus Library
|g 175.00
|l 0
|o 891.443 SHA
|p 3020043610
|r 2024-10-27
|t 1
|w 2024-10-27
|y BK
|x Savar Campus Library
|